| 000 | 00716nam a22001937a 4500 | ||
|---|---|---|---|
| 003 | OSt | ||
| 005 | 20160920110201.0 | ||
| 008 | 160919s2015 sp a||||||||| 001 0 spa|d | ||
| 020 | _a9788499645667 | ||
| 040 |
_bcat _cCDMR |
||
| 100 | 1 | _aPuig Valls, Víctor | |
| 245 | 1 | 0 |
_aSocial media _b: 250 consejos prácticos para diseñar tu estrategia en las redes sociales _cVíctor Puig Valls |
| 246 | 3 | 2 | _a250 consejos prácticos para diseñar tu estrategia en las redes sociales |
| 260 |
_aParacuellos de Jarama, Madrid : _bRa-Ma, _c2015 |
||
| 300 |
_a340 p. : _bil. ; _c24 cm |
||
| 650 | 4 |
_aMitjans socials _xDirecció i administració |
|
| 650 | 4 |
_aXarxes socials en línia _xDirecció i administració |
|
| 942 |
_cMON _2udc |
||
| 999 |
_c6959 _d6959 |
||